000 00921nam a22003137a 4500
003 CHAP
005 20220329134704.0
008 971013s1980 ag a r 00010 spa d
010 _a24214
011 _a25186
035 _a29286
040 _cCHAP
082 0 4 _a636.2
_bI52 1980
100 0 0 _aInchausti, Daniel.
_957527
245 1 _aBovinotecnia
250 _a6 ed.
260 _aBuenos Aires :
_bEl Ateneo,
_c1980
300 _a800 p.
_b: ilus
590 _aBATCH-UPD
_b10
_c20130110
_lUCH01
_h1552
590 _aCONVERSION
_b10
_c20130109
_lUCH01
_h1314
650 1 4 _aGanado de carne.
_945067
650 1 4 _aGanado lechero.
_945237
650 1 4 _aGanado vacuno.
_945425
700 0 _aTagle, Ezequiel C.
_9111350
901 _aBK
942 _cLIBRO
949 _a636.2 I52 1980
_bBC
_cLIBRO
_d-67686
_eLIBRO
_h63382
_i29286
_si
949 _a636.2 I52 1980
_bBC
_cMUT
_d33724000572335
_eMUT
_fc.2
_gI.123526
_h65838
_i29286
_si
999 _c24214
_d24214